| 000 | 00452nam a22001697a 4500 | ||
|---|---|---|---|
| 003 | NUST - PNEC | ||
| 005 | 20170116180854.0 | ||
| 008 | 150827b xxu||||| |||| 00| 0 eng d | ||
| 020 | _a0029462274 | ||
| 040 | _cLIBRARY | ||
| 082 | _a604.2 GIE | ||
| 100 |
_95927 _aGiesecke Frederick E. |
||
| 245 |
_aPrinciples of engineering graphics _cFrederick E.Giesecke |
||
| 260 | _cc.1990 | ||
| 650 |
_95928 _aEngineering graphics _xME, EE |
||
| 942 |
_2ddc _cBK |
||
| 999 |
_c64763 _d64763 |
||